| 000 | 01299nam a22004097a 4500 | ||
|---|---|---|---|
| 001 | 0014580 | ||
| 003 | KOHA_MİRAKIL | ||
| 005 | 20260207002000.0 | ||
| 007 | ta | ||
| 008 | 100809b1999 tu |||gr||||#||||1|tur | | ||
| 020 | _a9754928983 | ||
| 040 |
_aTR-BiSEU _btur _cTR-BiSEU _erda |
||
| 041 | 0 | _atur | |
| 044 | _ctu | ||
| 050 |
_aPN5355.T9 _bV87 1999 |
||
| 100 | 1 | _aVural, Ali Murat. | |
| 245 | 1 |
_aYerel basın ve kamuoyu/ _cAli Murat Vural ; Yerel basın ve kamuoyu. |
|
| 264 | 1 |
_aEskişehir : _bAnadolu Üniversitesi Açıköğretim Fakültesi _c1999 |
|
| 300 | _aXIII, 389 sayfa; 21 cm. | ||
| 336 |
_ametin _btxt _2rdacontent |
||
| 337 |
_aaracısız _bn _2rdamedia |
||
| 338 |
_acilt _bnc _2rdacarrier |
||
| 490 | 1 | _aT.C. | |
| 490 | 1 |
_aAnadolu Üniversitesi yayınları ; _vno. |
|
| 490 | 1 | _a1141. | |
| 490 | 1 |
_aAçıköğretim Fakültesi yayınları ; _vno. |
|
| 490 | 1 | _a607. | |
| 500 | _aKaynakça var. | ||
| 650 | 0 |
_aYerel basın--Türkiye--Eskişehir--Kamuoyu. _933997 |
|
| 650 | 0 |
_aLocal media--Turkey--Eskisehir--Opinion. _933998 |
|
| 830 | 1 |
_aT.C. _96297 |
|
| 830 | 1 |
_aAnadolu Üniversitesi yayınları ; _vno. _97107 |
|
| 830 | 1 |
_a1141. _933999 |
|
| 830 | 1 |
_aAçıköğretim Fakültesi yayınları ; _vno. _920146 |
|
| 830 | 1 |
_a607. _919123 |
|
| 942 |
_2lcc _cBK |
||
| 999 |
_c14543 _d14543 |
||